Представление документа в формате MARC21

Поле Инд. ПП Название Значение
Тип записи a
Библиографический уровень m
001 Контрольный номер fefc3dca-d544-4c94-b03c-f513ae84ca8e
005 Дата корректировки 20201006110043.8
008 Кодируемые данные 071222
020 a ISBN 978-5-7567-0426-6
040 a Служба первич. каталог. НБ ТвГУ
041 0_ a Код языка текста rus
080 a Индекс УДК 070(075.8)
084 a Индекс другой классификации/Индекс ББК Ч612я73-1
090 x Авторский знак С24
a Полочн. индекс Ч612
100 1_ a Автор Свитич Луиза Григорьевна
e Роль лиц Автор
245 10 a Заглавие Введение в специальность. Профессия: журналист
b Продолж. заглавия учебное пособие для студентов вузов, обучающихся по направлению 520600 и специальности 021400 "Журналистика"
c Ответственность Л. Г. Свитич
246 10 a Другая форма заглавия Профессия: журналист
250 a Основные сведения об издании 2-е изд., испр.и доп.
260 0_ a Место издания Москва
b Издательство Аспект Пресс
c Дата издания 2007
300 a Объем 253, [2] с.
b Иллюстрации/ тип воспроизводства ил., табл.
504 a Библиография Библиогр.: с.216-218.
583 a Действие Получение впервые 340 21.12.2007
k Исполнитель действия ООО "Владос"
583 a Действие Приписка 176 30.07.2008
k Исполнитель действия ЗАО "Аспект-Пресс"
653 0_ a Ключевые слова Журналистика
a Ключевые слова Журналист, профессия
a Ключевые слова Журналистское образование
a Ключевые слова Профессиональные качества журналиста
a Ключевые слова Работа журналиста
a Ключевые слова Учебники для вузов
852 41 t Порядковый номер экземпляра 33
p Инвентарный номер 899663
p Инвентарный номер 899664
p Инвентарный номер 899665
p Инвентарный номер 899666
p Инвентарный номер 899667
p Инвентарный номер 899668
p Инвентарный номер 899669
p Инвентарный номер 899670
p Инвентарный номер 915557 130.90
p Инвентарный номер 915558 130.90
p Инвентарный номер 915559 130.90
p Инвентарный номер 915560 130.90
p Инвентарный номер 915561 130.90
p Инвентарный номер 915562 130.90
p Инвентарный номер 915563 130.90
p Инвентарный номер 915564 130.90
p Инвентарный номер 915565 130.90
p Инвентарный номер 915566 130.90
p Инвентарный номер 915567 130.90
p Инвентарный номер 915568 130.90
p Инвентарный номер 915569 130.90
p Инвентарный номер 915570 130.90
p Инвентарный номер 915571 130.90
p Инвентарный номер 915572 130.90
p Инвентарный номер 915573 130.90
p Инвентарный номер 915574 130.90
p Инвентарный номер 915575 130.90
p Инвентарный номер 915576 130.90
p Инвентарный номер 915577 130.90
p Инвентарный номер 915578 130.90
p Инвентарный номер 915579 130.90
p Инвентарный номер 915580 130.90
p Инвентарный номер 915581 130.90
852 41 t Порядковый номер экземпляра 1
p Инвентарный номер 899671
901 t Тип документа m
920 a Оператор Поля
a Оператор Суха
952 c Вид литературы К ру
954 a Дата поступления на обработку 20071229